000 00601nam a2200229Ia 4500
003 OSt
005 20221007074909.0
006 a|||||r|||| 00| 0
007 ta
008 221006b |||||||| |||| 00| 0 eng d
024 _a23,841
037 _cTextual
040 _aFLL
_cFLL
_beng
041 _2eng
_aeng
082 _aZ2:2:3, L8:2
100 _aJaspal Singh
245 0 _aDelhi rent control act
260 _aNew Delhi
_bAssociated Publishing House India
_c1978
300 _a401-781p
_ccm.
942 _hZ2:2:3, L8:2
_cTEXL
_2CC
999 _c1154073
_d1154073